| 000 | 00000nam##2200000za#4500 |
| 001 | 9.572141 |
| 003 | CaOODSP |
| 005 | 20220111083046 |
| 007 | cr ||||||||||| |
| 008 | 150406|1990||||xxc|||||o f|0| 0 eng|d |
| 022 | |a1928-6414 |
| 040 | |aCaOODSP|beng |
| 043 | |an-cn--- |
| 086 | 1 |aNE22-1/1990-8E-PDF |
| 110 | 1 |aCanada. |bNational Energy Board. |
| 245 | 10|aReasons for decision in the matter of Hydro-Québec : |h[electronic resource]|bfor exports to the Vermont Joint Owners and New York Power Authority |
| 246 | 1 |iVariant title : |aHydro-Québec |
| 260 | |aOttawa - Ontario : |bNational Energy Board |cAugust 1990. |
| 300 | |a75p.|bmap, tables |
| 490 | 1 |aReasons for decision|x1928-6414|vEH-3-89 |
| 500 | |aIncorrect catalogue number (NE22-1/1990-8) and ISBN (0-662-57812-0) copied in this electronic publication. |
| 590 | |a12-04-Supp|b2012-02-20 |
| 775 | 08|tMotifs de décision relativement à Hydro-Québec : |w(CaOODSP)9.602554 |
| 830 | #0|aReasons for decision (Canada. National Energy Board)|x1928-6414|vEH-3-89|w(CaOODSP)9.504480 |
| 856 | 40|ahttp://publications.gc.ca|qPDF|s283 KB|uhttps://publications.gc.ca/collections/Collection/NE22-1-1990-8E.pdf|yEH-3-89 |